[Event "Seville op 39th"]
[Site "Seville"]
[Date "2014.01.10"]
[Round "1"]
[White "Teran Alvarez, Ismael"]
[Black "Soruco Tirina, Humberto"]
[Result "1-0"]
[WhiteElo "2412"]
[BlackElo "1810"]
[PlyCount "69"]
[EventDate "2014.01.10"]
[EventType "swiss"]
[EventRounds "9"]
[EventCountry "ESP"]
[SourceTitle "CBM 158 Extra"]
[Source "ChessBase"]
[SourceDate "2014.02.28"]
[SourceVersion "1"]
[SourceVersionDate "2014.02.28"]
[SourceQuality "1"]

1. e4 c5 2. Nf3 Nc6 3. Bb5 Qb6 4. Nc3 e6 5. 0-0 Nge7 6. Re1 g6 7. Bxc6 Nxc6 8. e5 Bg7 9. d3 a6 10. h4 Qc7 11. Bf4 Ne7 12. Qd2 b5 13. Ne4 0-0 14. h5 Nd5 15. Bg3 Bb7 16. c4 Nb4 17. Nf6+ Kh8 18. Ng5 h6 19. Nge4 Bxe4 20. Rxe4 Qd8 21. Ng4 Qg5 22. Qxg5 hxg5 23. h6 f5 24. exf6 Bxf6 25. Nxf6 Rxf6 26. Be5 Raf8 27. d4 cxd4 28. Bxd4 Kh7 29. Bxf6 Rxf6 30. cxb5 a5 31. a3 d5 32. Rxb4 axb4 33. a4 Kxh6 34. a5 e5 35. a6 1-0